AutoCad 2009 2D Training manual (Record no. 33707)
[ view plain ]
| 000 -LEADER | |
|---|---|
| fixed length control field | 00373nam a22001577a 4500 |
| 005 - DATE AND TIME OF LATEST TRANSACTION | |
| control field | 20230926123736.0 |
| 008 - FIXED-LENGTH DATA ELEMENTS--GENERAL INFORMATION | |
| fixed length control field | 230926b |||||||| |||| 00| 0 eng d |
| 082 ## - DEWEY DECIMAL CLASSIFICATION NUMBER | |
| Classification number | 629.138 |
| Item number | KUR-A |
| 100 ## - MAIN ENTRY--AUTHOR | |
| Author Name | Kurland, Kristen S. |
| 245 ## - TITLE STATEMENT | |
| Title | AutoCad 2009 2D Training manual |
| 260 ## - PUBLICATION, DISTRIBUTION, ETC. | |
| Date of publication, distribution, etc. | 2008 |
| 300 ## - PHYSICAL DESCRIPTION | |
| Pages | 345 |
| 650 ## - SUBJECT ADDED ENTRY--TOPICAL TERM | |
| Subject / Department | Computer |
| 700 ## - ADDED ENTRY--PERSONAL NAME | |
| Personal name | Kristen S. Kurland |
| 952 ## - LOCATION AND ITEM INFORMATION (KOHA) | |
| -- | 0 |
| -- | 0 |
| Lost status | Damaged status | Permanent Location | Current Location | Shelving Location | Date acquired | Full Call Number | Accession No./Barcode | Date last seen | item type |
|---|---|---|---|---|---|---|---|---|---|
| Superior Information Resource Center (SIRC) Superior University- Central Library | Superior Information Resource Center (SIRC) Superior University- Central Library | Computer | 09/26/2023 | 629.138 KUR-A 2008 | 20538 | 09/26/2023 | BOOK |
